Statistiken für Meere der Welt

Klicken Sie hier um das Quiz zu spielen!

Allgemein

  • Dieses Quiz wurde 13.465 mal gespielt
  • Das Durchschnittsergebnis liegt bei 23 aus 100

Antworten auf der Karte

Die Antworten werden auf der Karte rot bzw. grün angezeigt, abhängig davon wie oft sie richtig erraten wurden.
 

Antwortstatistiken

Gewässer% Korrekt
Atlantischer Ozean
96%
Pazifischer Ozean
96%
Indischer Ozean
90%
Mittelmeer
90%
Nordsee
90%
Ostsee
88%
Golf von Mexiko
80%
Schwarzes Meer
78%
Rotes Meer
76%
Karibisches Meer
63%
Arktischer Ozean
55%
Golf von Panama
54%
Kaspisches Meer
53%
Adria
52%
Ärmelkanal
44%
Golf von Sues
41%
Japanisches Meer
39%
Beringmeer
36%
Ägäis
35%
Südchinesisches Meer
35%
Persischer Golf
34%
Golf von Bengalen
33%
Tasmansee
32%
Gelbes Meer
31%
Arabisches Meer
30%
Hudson Bay
29%
Hudsonstraße
29%
Biskaya
24%
Irische See
23%
Finnischer Meerbusen
22%
Golf von Guinea
22%
Golf von Kalifornien
22%
Europäisches Nordmeer
21%
Golf von Alaska
21%
Große Australische Bucht
21%
Grönlandsee
20%
Golf von Aden
19%
Ostchinesisches Meer
19%
Golf von Thailand
18%
Weißes Meer
17%
Bottnischer Meerbusen
16%
Philippinensee
16%
Straße von Mosambik
16%
Tyrrhenisches Meer
16%
Barentssee
15%
Golf von Oman
15%
Ionisches Meer
15%
Labradorsee
15%
{Nordwest}passage
15%
Balearen-Meer
14%
Javasee
14%
Kattegat
14%
Baffin Bay
13%
Marmarameer
13%
Skagerrak
13%
Asowsches Meer
12%
Korallenmeer
12%
Ochotskisches Meer
11%
Sankt-Lorenz-Golf
11%
Bucht von San Francisco
10%
Karasee
10%
Keltische See
10%
Ligurisches Meer
10%
Rigaischer Meerbusen
10%
Río de la Plata
10%
Straße von Malakka
10%
Andamanensee
9%
Celebessee
9%
Cookstraße
9%
Ostsibirische See
9%
Timorsee
9%
Beaufortsee
8%
Bismarcksee
8%
Salomonensee
8%
Alborán-Meer
7%
Bucht von Tokio
7%
Golf von Akaba
7%
Bandasee
6%
Bass-Straße
6%
Bay of Fundy
6%
Davisstraße
6%
Golf von Maine
6%
Lakkadivensee
6%
Laptewsee
6%
Molukkensee
6%
Tschuktschensee
6%
Arafurasee
5%
Floressee
5%
Golf von Tonkin
5%
Straße von Makassar
5%
Sulusee
5%
Anadyrgolf
4%
Golf von Bone
4%
Golf von Carpentaria
4%
Golf von Tomini
4%
Halmaherasee
4%
Salische See
4%
Sawusee
4%
Petschorasee
3%
Seramsee
3%

Verteilung der Resultate

Perzentil nach korrekt beantworteten Fragen

Anzahl Personen mit jedem Resultat

Ihre Resultats-Entwicklung

Sie haben dieses Quiz noch nicht gespielt